| 000 | 00400nam a2200169Ia 4500 | ||
|---|---|---|---|
| 003 | IT-RoPAU | ||
| 008 | 120407s9999 xx 000 0 und d | ||
| 040 | _aIT-RoPAU | ||
| 040 | _cIT-RoPAU | ||
| 100 | _aJean Gwénolé Jeusset | ||
| 245 | _aDio è cortesia. Francesco d'Assisi il suo Ordine e l'Islam | ||
| 250 | _aPadova | ||
| 260 | _aMessaggero | ||
| 300 | _c cm | ||
| 490 | _v1 | ||
| 942 | _cBK | ||
| 999 |
_c8338 _d8338 |
||